Biografía de Fernando Peñalver : (Registro nro. 10931)

Detalles MARC
000 -LIDER
fixed length control field 00826nam a22002651 4500
001 - NÚMERO DE CONTROL
Identificador de número de control 00174
003 - IDENTIFICACDOR DE NÚMERO DE CONTROL
control field DO-SdBNP
005 - DATE AND TIME OF LATEST TRANSACTION
control field 20180124083001.0
007 - CAMPOS FIJOS DE DESCRIPCIÓN FÍSICA
fixed length control field 00174
008 - ELEMENTOS DE LONGITUD FIJA
fixed length control field 011112s1973 ve spa
016 7# - NO. DE CONTROL DE LA AGENCIA BIB. NACIONAL
Record control number
Canceled/invalid record control number
Source BPMSU
035 ## - NÚMERO LOCAL
System control number
040 ## - FUENTE DE CATALOGACIÓN
Agencia que crea de manera original el registro BPMSU
Idioma de catalogación spa
Agencia que realiza la transcripción BPMSU
080 #0 - NÚMERO DE CLASIFICACIÓN DECIMAL UNIVERSAL
Universal Decimal Classification number
245 10 - MENCIÓN DE TITULO
Título Biografía de Fernando Peñalver :
Medio (Designación general de material)
Subtítulo 1765-1832
Mención de responsabilidad Alarico Gómez,
260 ## - PUBLICACIÓN, DISTRIBUCIÓN, ETC. (PIE DE IMPRENTA)
Lugar de publicación, distribución, etc Caracas :
Nombre del editor, distribuidor, etc. Ministerio de Educación, Dirección General, Departamento de Publicaciones
Fecha de publicación, distribución, etc 1973
300 ## - DESCRIPCIÓN FÍSICA
Extensión 60 p. :
Otros detalles físicos
Dimensiones 17 cm
490 0# - MENCIÓN DE SERIES
Mención de serie Biografías escolares
Volume/sequential designation 16
600 17 - ENCABEZAMIENTO DE MATERIA--NOMBRE PERSONAL
Nombre personal Peñalver, Fernando
Subdivisión temática general Biografías
Subdivisión de forma Libros infantiles
Fuente del encabezado o término
700 ## - ASIENTO SECUNDARIO -- NOMBRE PERSONAL
Nombre personal Gómez, Alarico
830 ## - ASIENTO SECUNDARIO DE SERIE--TÍTULO UNIFORME
Título uniforme Biografías escolares
Volume number/sequential designation 16
942 ## - ADDED ENTRY ELEMENTS (KOHA)
Source of classification or shelving scheme Dewey Decimal Classification
Koha item type Libros
945 ## - INFORMACIÓN DE PROCESAMIENTO LOCAL
Información de procesamiento local Inventariado, 2018 / YL
956 ## - LOCAL ELECTRONIC LOCATION AND ACCESS (OCLC)
Nombre de host VMATEO
Número de acceso 10
Información de compresión 20160718
Trayectoria BPMSU
Nombre Electrónico 00069
Existencias
Withdrawn status Lost status Source of classification or shelving scheme Damaged status Not for loan Collection code Home library Current library Date acquired Source of acquisition Total Checkouts Barcode Date last seen Price effective from Koha item type
    Dewey Decimal Classification     Colección General Biblioteca Pública Metropolitana Salomé Ureña Biblioteca Pública Metropolitana Salomé Ureña 07/18/2016 Donación   BPMSU16070527 07/18/2016 07/18/2016 Libros